Understanding Business
Saved in:
| Main Author: | |
|---|---|
| Format: | Book |
| Language: | English |
| Published: |
St. Louis
Times Mirror/Mosby College Pub.
1987
|
| Edition: | 1. ed. |
| Subjects: | |
| Tags: |
No Tags, Be the first to tag this record!
|
MARC
| LEADER | 00000nam a2200000 4500 | ||
|---|---|---|---|
| 001 | c000308 | ||
| 005 | 20221219121242.7 | ||
| 020 | |a 0-8016-3627-2 | ||
| 041 | 0 | |a eng | |
| 044 | |a US | ||
| 245 | 1 | 0 | |a Understanding Business |c William G. Nickels |
| 250 | |a 1. ed. | ||
| 264 | 1 | |a St. Louis |b Times Mirror/Mosby College Pub. |c 1987 | |
| 300 | |a 721 s. |e príl. | ||
| 610 | 2 | 0 | |a podnik |
| 610 | 2 | 0 | |a manažment |
| 610 | 2 | 0 | |a riadenie podnikové |
| 610 | 2 | 0 | |a marketing |
| 610 | 2 | 0 | |a vývoj výrobku |
| 610 | 2 | 0 | |a tvorba cien |
| 610 | 2 | 0 | |a distribúcia |
| 610 | 2 | 0 | |a služby |
| 610 | 2 | 0 | |a vedenie |
| 610 | 2 | 0 | |a organizácia podniku |
| 610 | 2 | 0 | |a riadenie výroby |
| 610 | 2 | 0 | |a využitie počítačov |
| 610 | 2 | 0 | |a roboty |
| 610 | 2 | 0 | |a motivácia pracovná |
| 610 | 2 | 0 | |a práca personálna |
| 610 | 2 | 0 | |a účtovníctvo |
| 610 | 2 | 0 | |a banky |
| 610 | 2 | 0 | |a financie podnikové |
| 610 | 2 | 0 | |a akcie |
| 610 | 2 | 0 | |a dlhopisy |
| 610 | 2 | 0 | |a riziko |
| 610 | 2 | 0 | |a právo hospodárske |
| 610 | 2 | 0 | |a podnik medzinárodný |
| 100 | 1 | |a Nickels, William G. | |